<?xml version="1.0" encoding="UTF-8"?>
<record
    xmlns:xsi="http://www.w3.org/2001/XMLSchema-instance"
    xsi:schemaLocation="http://www.loc.gov/MARC21/slim http://www.loc.gov/standards/marcxml/schema/MARC21slim.xsd"
    xmlns="http://www.loc.gov/MARC21/slim">

  <leader>00835nam a2200217Ia 4500</leader>
  <controlfield tag="001">47703</controlfield>
  <controlfield tag="003">OSt</controlfield>
  <controlfield tag="005">20160421094225.0</controlfield>
  <controlfield tag="008">140429s9999    xx            000 0 und d</controlfield>
  <datafield tag="020" ind1=" " ind2=" ">
    <subfield code="a">9789647025690</subfield>
  </datafield>
  <datafield tag="040" ind1=" " ind2=" ">
    <subfield code="c">PK-LaUMT</subfield>
  </datafield>
  <datafield tag="082" ind1=" " ind2=" ">
    <subfield code="a">R 297.03</subfield>
    <subfield code="b">DAA-</subfield>
  </datafield>
  <datafield tag="100" ind1=" " ind2=" ">
    <subfield code="a">Sabet-e-bn-e Mohamamd-e-Jorjani</subfield>
  </datafield>
  <datafield tag="245" ind1=" " ind2=" ">
    <subfield code="a">(&#x62F;&#x627;&#x626;&#x631;&#x6C3; &#x627;&#x644;&#x645;&#x639;&#x627;&#x631;&#x641; &#x628;&#x632;&#x631;&#x6AF; &#x627;&#x633;&#x644;&#x627;&#x645;&#x6CC;)Daairah tul Maaraf bazrag Islami [The great Islamic encyclopedia] (Persian)</subfield>
    <subfield code="c">(&#x635;&#x628;&#x637; &#x628;&#x646; &#x645;&#x62D;&#x645;&#x62F; &#x62C;&#x648;&#x631;&#x62C;&#x627;&#x646;&#x6CC;) (Sabet-e-bn-e Mohamamd-e-Jorjani&lt;&gt;Kaezm Musavi Bojnurdi</subfield>
  </datafield>
  <datafield tag="260" ind1=" " ind2=" ">
    <subfield code="a">(&#x62A;&#x6C1;&#x631;&#x627;&#x646; &#x60C; &#x627;&#x6CC;&#x631;&#x627;&#x646;)Tehran,Iran:</subfield>
    <subfield code="b">(&#x645;&#x631;&#x6A9;&#x632; &#x62F;&#x627;&#x626;&#x6CC;&#x631;&#x6C3; &#x627;&#x644;&#x645;&#x639;&#x627;&#x631;&#x641; &#x628;&#x632;&#x631;&#x6AF; &#x627;&#x633;&#x644;&#x627;&#x645;&#x6CC;)Markaz Daairah tul Maaraf Bazrag Islami,</subfield>
    <subfield code="c">1968</subfield>
  </datafield>
  <datafield tag="300" ind1=" " ind2=" ">
    <subfield code="a">780 p.</subfield>
  </datafield>
  <datafield tag="546" ind1=" " ind2=" ">
    <subfield code="a">Persian</subfield>
  </datafield>
  <datafield tag="650" ind1=" " ind2=" ">
    <subfield code="a">Islam</subfield>
  </datafield>
  <datafield tag="700" ind1=" " ind2=" ">
    <subfield code="a">Kaezm Musavi Bojnurdi</subfield>
  </datafield>
  <datafield tag="942" ind1=" " ind2=" ">
    <subfield code="c">BK</subfield>
    <subfield code="2">ddc</subfield>
  </datafield>
  <datafield tag="999" ind1=" " ind2=" ">
    <subfield code="c">45606</subfield>
    <subfield code="d">45606</subfield>
  </datafield>
  <datafield tag="952" ind1=" " ind2=" ">
    <subfield code="0">0</subfield>
    <subfield code="1">0</subfield>
    <subfield code="4">0</subfield>
    <subfield code="7">0</subfield>
    <subfield code="a">01</subfield>
    <subfield code="b">01</subfield>
    <subfield code="d">2014-04-29</subfield>
    <subfield code="l">0</subfield>
    <subfield code="o">R 297.03 DAA-</subfield>
    <subfield code="p">56866</subfield>
    <subfield code="r">2014-05-06 00:00:00</subfield>
    <subfield code="w">2014-05-06</subfield>
    <subfield code="y">BK</subfield>
  </datafield>
</record>
